ATA-07: Lifting and Shoring (level-1): (Record no. 34908)
[ view plain ]
| 000 -LEADER | |
|---|---|
| fixed length control field | 00456nam a22001457a 4500 |
| 005 - DATE AND TIME OF LATEST TRANSACTION | |
| control field | 20231212153359.0 |
| 008 - FIXED-LENGTH DATA ELEMENTS--GENERAL INFORMATION | |
| fixed length control field | 231212b |||||||| |||| 00| 0 eng d |
| 082 ## - DEWEY DECIMAL CLASSIFICATION NUMBER | |
| Classification number | 629.13 |
| Item number | AIR-B |
| 245 ## - TITLE STATEMENT | |
| Title | ATA-07: Lifting and Shoring (level-1): |
| Remainder of title | Training Manual-Aviation,B1.1 Type Course, |
| Statement of responsibility, etc. | Superior Aviation Training Center(SATC) |
| 260 ## - PUBLICATION, DISTRIBUTION, ETC. | |
| Place of Publication | Pakistan |
| Name of publisher, distributor, etc. | SATC |
| 300 ## - PHYSICAL DESCRIPTION | |
| Pages | 10 |
| 500 ## - GENERAL NOTE | |
| General note | Airbus A318/A318/A321(CFN56/IAE V2500) |
| 650 ## - SUBJECT ADDED ENTRY--TOPICAL TERM | |
| Subject / Department | Aviation |
| 952 ## - LOCATION AND ITEM INFORMATION (KOHA) | |
| -- | 0 |
| -- | 0 |
| Lost status | Damaged status | Collection code | Permanent Location | Current Location | Shelving Location | Date acquired | Full Call Number | Accession No./Barcode | Date last seen | item type | Koha item type |
|---|---|---|---|---|---|---|---|---|---|---|---|
| Engineering | Superior Information Resource Center (SIRC) Superior University- Main Campus | Superior Information Resource Center (SIRC) Superior University- Main Campus | Aviation | 12/12/2023 | 629.13 AIR-B | 29054 | 12/12/2023 | BOOK | BOOK |
